Größte Fußballstadien in Deutschland - Statistiken

Allgemein
  • Dieses Quiz wurde 216 mal gespielt
    161 seit der letzten Aktualisierung
  • Das Durchschnittsergebnis liegt bei 10 aus 20
Antwortstatistiken
Kapazität Stadion % Korrekt
75,024 Allianz Arena
99%
81,365 Signal Iduna Park (Westfalenstadion)
96%
74,475 Olympiastadion Berlin
88%
63,540 Olympiastadion Munich
88%
62,271 Veltins-Arena (Arena AufSchalke)
81%
57,030 Volksparkstadion
75%
58,000 Deutsche Bank Park (Waldstadion)
65%
49,968 RheinEnergieStadion (Müngersdorfer Stadion)
61%
47,069 Red Bull Arena
55%
54,022 Borussia-Park
42%
50,000 Max-Morlock-Stadion
42%
60,058 MHP Arena (Neckarstadion)
42%
54,600 Merkur Spiel-Arena
37%
34,700 Europa-Park Stadion
34%
49,780 Fritz-Walter-Stadion
32%
49,000 Heinz-von-Heiden-Arena (Niedersachsenstadion)
28%
34,034 Mewa Arena
23%
32,960 Tivoli
21%
34,140 BBBank Wildpark(Wildparkstadion)
15%
42,358 Wohninvest Weserstadion
15%
Keine übereinstimmenden Quizze gefunden
Verteilung der Resultate
Anzahl Personen mit jedem Resultat
Perzentil nach korrekt beantworteten Fragen
Ihre Resultats-Entwicklung
Sie haben dieses Quiz seit der letzten Aktualisierung nicht gespielt